000 00682cam a2200265I 4500
001 82139
003 GBCCL
005 20241126110351.0
008 751209n19641958nyu 000 0 eng u
015 _aGB65-3967
029 1 _aUKM
_bb6503967
035 _a(OCoLC)01883301
040 _cSVP
_dUKM
_dECL
049 _aLBBK
082 _a200
_bSMI
090 _aBL80
_b.S66 1964
100 1 _aSmith, Huston.
_91689
245 1 4 _aThe religions of man.
250 _aFirst Harper Colophon ed.
260 _aNew York,
_bHarper Colophon Books
_c[1965, c1958]
300 _axi, 328 p.
_c21 cm.
504 _aIncludes bibliography.
650 0 _aReligions.
_9261
942 _2ddc
_cBK
_013
999 _c1006
_d1006